[Event "Unser Fritz- Recklinghausen"]
[Site "?"]
[Date "2023.09.03"]
[Round "1.2"]
[White "Jungbluth, Michael"]
[Black "Callenberg, Ralf"]
[Result "0-1"]
[WhiteElo "1939"]
[BlackElo "2008"]
[PlyCount "72"]
[SourceDate "2023.09.13"]

1. d4 Nf6 2. c4 g6 3. g3 d5 4. Bg2 c6 5. Nf3 Bg7 6. O-O O-O 7. Nc3 dxc4 8. Ne5
Be6 9. e4 Nbd7 10. Nxd7 Qxd7 11. f3 Rad8 12. Be3 Ne8 13. Ne2 Nc7 14. Qa4 a6 15.
Rfd1 c5 16. Qc2 cxd4 17. Bxd4 Bxd4+ 18. Nxd4 Qc8 19. a4 Rd6 20. e5 Rd7 21. Nxe6
Rxd1+ 22. Rxd1 Nxe6 23. f4 Rd8 24. Rxd8+ Nxd8 25. h4 Qc5+ 26. Kh2 Nc6 27. h5
Kg7 28. Bf1 b5 29. Qe4 Qf2+ 30. Bg2 Nd4 31. Qb7 Nf5 32. Qf3 Qxf3 33. Bxf3 b4
34. hxg6 c3 35. bxc3 bxc3 36. Be4 hxg6 0-1

[Event "Unser Fritz- Recklinghausen"]
[Site "?"]
[Date "2023.09.03"]
[Round "1.3"]
[White "Mecklenburg, Roland"]
[Black "Mueller, Martin"]
[Result "0-1"]
[WhiteElo "1930"]
[BlackElo "2018"]
[PlyCount "126"]
[SourceDate "2023.09.13"]

1. e4 d6 2. f4 d5 3. e5 c5 4. d3 Nc6 5. c3 Nh6 6. Be2 Qb6 7. Qb3 Qxb3 8. axb3
f6 9. Bf3 Be6 10. exf6 exf6 11. Ne2 Be7 12. Be3 Kf7 13. Bf2 Rhd8 14. Nd2 g5 15.
g3 g4 16. Bg2 Nf5 17. Kd1 a6 18. Nf1 d4 19. Kc2 Bd5 20. Bxd5+ Rxd5 21. Re1 b5
22. h3 h5 23. hxg4 hxg4 24. Nh2 Rg8 25. Nc1 Bd8 26. Nf1 Bb6 27. Nd2 Rdd8 28.
Rh7+ Rg7 29. Rxg7+ Nxg7 30. Rh1 Kg6 31. Ne4 Nf5 32. Ne2 c4 33. bxc4 bxc4 34.
Nc1 Na5 35. b4 cxb3+ 36. Nxb3 Nc6 37. Ra1 a5 38. Rh1 Rc8 39. c4 a4 40. Nc1 Ne3+
41. Bxe3 dxe3 42. f5+ Kg7 43. Ne2 Nd4+ 44. Nxd4 Bxd4 45. Nd6 Rh8 46. Rxh8 Kxh8
47. Nb5 Be5 48. d4 Bxg3 49. Kd3 Bf4 50. Ke2 Kg7 51. c5 Kf7 52. d5 Ke7 53. Na3
g3 54. Kf3 g2 55. Kxg2 e2 56. Kf2 Be3+ 57. Kxe2 Bxc5 58. Nb5 a3 59. Nc3 Bd4 60.
Na2 Kd6 61. Kd3 Kxd5 62. Nb4+ Kc5 63. Nc2 Bb2 0-1

[Event "Unser Fritz- Recklinghausen"]
[Site "?"]
[Date "2023.09.03"]
[Round "1.4"]
[White "Nowicki, Heiko"]
[Black "Parado, Dominador"]
[Result "1-0"]
[WhiteElo "1834"]
[BlackElo "1882"]
[PlyCount "103"]
[SourceDate "2023.09.13"]

1. e4 c5 2. b4 cxb4 3. a3 e6 4. Bb2 Nf6 5. e5 Nd5 6. Nf3 Nc6 7. g3 Be7 8. axb4
Ndxb4 9. Nc3 O-O 10. Ne4 d5 11. exd6 Bxd6 12. c3 Be7 13. cxb4 f5 14. Nc3 Nxb4
15. d4 f4 16. Bg2 fxg3 17. hxg3 Bd7 18. Ne5 Be8 19. Be4 g6 20. Ne2 Nd5 21. Qb3
Bb4+ 22. Kf1 Qf6 23. f3 Bd6 24. Bxd5 exd5 25. Nf4 Bc6 26. Nfd3 Qg5 27. Kg2 Qd2+
28. Nf2 Qg5 29. Bc1 Qf5 30. Bh6 Rfe8 31. Nfg4 a5 32. Ne3 Qe6 33. N3g4 a4 34.
Qb6 Qf5 35. Qb1 Qe6 36. Bg5 Rf8 37. Rh6 Rf5 38. Bf4 Raf8 39. Qh1 Bxe5 40. Nxe5
Rxe5 41. Bxe5 Qf7 42. f4 Bd7 43. Qc1 Rc8 44. Qd2 Bf5 45. Rc1 Be4+ 46. Kf2 Qd7
47. Rh4 Rc4 48. Rxc4 dxc4 49. Qa5 b5 50. Qb6 Bc6 51. Qb8+ Qe8 52. Qd6 1-0

[Event "Unser Fritz- Recklinghausen"]
[Site "?"]
[Date "2023.09.03"]
[Round "1.5"]
[White "Balke, Heinrich"]
[Black "Distelrath, Oliver"]
[Result "1-0"]
[WhiteElo "1828"]
[BlackElo "1837"]
[PlyCount "137"]
[SourceDate "2023.09.13"]

1. e4 d6 2. d4 Nf6 3. Nc3 e5 4. dxe5 dxe5 5. Qxd8+ Kxd8 6. Bc4 Be6 7. Bxe6 fxe6
8. f3 Bd6 9. Be3 Nbd7 10. O-O-O Ke7 11. Nge2 a6 12. Kb1 h6 13. Ng3 b5 14. Nce2
Rhb8 15. Rd2 a5 16. Rhd1 a4 17. c3 Ra6 18. Nc1 Rc6 19. Nd3 a3 20. Ne2 axb2 21.
Rxb2 Rc4 22. Rb3 Ra4 23. Nb2 Ra6 24. c4 b4 25. Nd3 c5 26. Nec1 Ra5 27. Nb2 Ra3
28. Kc2 Nb6 29. Rbd3 Rxd3 30. Ncxd3 Nfd7 31. Nc1 Ra8 32. Kb1 Ra3 33. Nb3 Na4
34. Nxa4 Rxa4 35. Rc1 Ra7 36. Rc2 Rc7 37. Kb2 Nb6 38. a3 Na4+ 39. Kc1 bxa3 40.
Ra2 Nb2 41. Na5 Nd3+ 42. Kd2 Nb4 43. Rxa3 Kd7 44. Nb3 Kc6 45. Ra5 Kb6 46. Rb5+
Kc6 47. Nxc5 Ra7 48. Kc3 Ra3+ 49. Nb3 Na6 50. Rb6+ Kc7 51. Rb5 Kc6 52. Kb2 Ra4
53. Nd2 Nc5 54. Kc3 Ra2 55. Bxc5 Bxc5 56. Rb8 Be3 57. Rd8 Bb6 58. Kb3 Ra7 59.
Rd3 Bc5 60. Kc2 Ra2+ 61. Kb1 Ra4 62. Rb3 Bd4 63. Kc2 Ra2+ 64. Kd3 Bg1 65. h3
Bh2 66. Rc3 Ra1 67. Rc2 Bf4 68. Nb3 Bg5 69. Nxa1 1-0

[Event "Unser Fritz- Recklinghausen"]
[Site "?"]
[Date "2023.09.03"]
[Round "1.6"]
[White "Tober, Julian"]
[Black "Stahlhoven, Thomas"]
[Result "1-0"]
[WhiteElo "1794"]
[BlackElo "1803"]
[PlyCount "45"]
[SourceDate "2023.09.13"]

1. e4 c5 2. d4 cxd4 3. Qxd4 Nc6 4. Qe3 Nf6 5. Nc3 d6 6. Bd2 g6 7. O-O-O Ng4 8.
Qe1 Bg7 9. h3 Nf6 10. f4 Qc7 11. Kb1 a6 12. g4 e6 13. g5 Nd7 14. h4 h6 15. gxh6
Bxh6 16. Nf3 b5 17. f5 Bxd2 18. Qxd2 gxf5 19. exf5 Bb7 20. fxe6 fxe6 21. Ne4 d5
22. Neg5 Nc5 23. Qc3 1-0

[Event "Unser Fritz- Recklinghausen"]
[Site "?"]
[Date "2023.09.03"]
[Round "1.7"]
[White "Hillebrand, Elmar"]
[Black "Rostek, Joerg"]
[Result "1/2-1/2"]
[WhiteElo "1780"]
[BlackElo "1825"]
[PlyCount "43"]
[SourceDate "2023.09.13"]

1. e4 c5 2. Nf3 Nc6 3. d4 cxd4 4. Nxd4 e5 5. Nb3 Nf6 6. Bd3 Be7 7. Nc3 d6 8. h3
O-O 9. Be3 Be6 10. Qe2 Nb4 11. a3 Nxd3+ 12. Qxd3 Qc8 13. Nd2 Qc6 14. Qb5 Rfc8
15. Qxc6 bxc6 16. f4 exf4 17. Bxf4 d5 18. exd5 cxd5 19. Be5 Nd7 20. Bd4 Bf6 21.
Nf3 Bxd4 22. Nxd4 1/2-1/2

[Event "Unser Fritz- Recklinghausen"]
[Site "?"]
[Date "2023.09.03"]
[Round "1.8"]
[White "Lindstaedt, Erik"]
[Black "Hillebrand, Timo"]
[Result "1/2-1/2"]
[WhiteElo "1696"]
[BlackElo "1613"]
[PlyCount "35"]
[SourceDate "2023.09.13"]

1. e4 c5 2. Nf3 Nc6 3. d4 cxd4 4. Nxd4 e5 5. Nb5 d6 6. N1c3 a6 7. Na3 Be7 8.
Be2 b5 9. Nd5 Nf6 10. Nxf6+ Bxf6 11. c3 O-O 12. Nc2 Be6 13. Bf3 Qe7 14. O-O
Rfd8 15. Be3 Rab8 16. Qd2 Na5 17. b3 Qc7 18. Nb4 1/2-1/2

[Event "Wattenscheid 3- Werden 2"]
[Site "?"]
[Date "2023.09.03"]
[Round "1.1"]
[White "Lorenz, Dietmar"]
[Black "Thelen, Thomas"]
[Result "1/2-1/2"]
[WhiteElo "1825"]
[BlackElo "1988"]
[PlyCount "24"]
[SourceDate "2023.09.13"]

1. Nf3 c5 2. c4 b6 3. g3 Bb7 4. Bg2 e6 5. O-O Nf6 6. d4 cxd4 7. Nxd4 Bxg2 8.
Kxg2 a6 9. b3 Qc7 10. Qd3 Nc6 11. Nxc6 Qxc6+ 12. Qf3 Rc8 1/2-1/2

[Event "Wattenscheid 3- Werden 2"]
[Site "?"]
[Date "2023.09.03"]
[Round "1.2"]
[White "Dick, Matthias"]
[Black "Eggebrecht, Stefan"]
[Result "1/2-1/2"]
[WhiteElo "1981"]
[BlackElo "1749"]
[PlyCount "30"]
[SourceDate "2023.09.13"]

1. Nf3 Nf6 2. g3 d5 3. Bg2 c5 4. d4 cxd4 5. Qxd4 Nc6 6. Qa4 Bd7 7. c3 e6 8. O-O
Be7 9. Qb3 b6 10. Bg5 h6 11. Bxf6 Bxf6 12. Nbd2 O-O 13. e4 dxe4 14. Nxe4 Na5
15. Nxf6+ Qxf6 1/2-1/2

[Event "Wattenscheid 3- Werden 2"]
[Site "?"]
[Date "2023.09.03"]
[Round "1.3"]
[White "Rother, Josef"]
[Black "Meyer, Juergen"]
[Result "0-1"]
[WhiteElo "1636"]
[BlackElo "1899"]
[PlyCount "104"]
[SourceDate "2023.09.13"]

1. d4 Nf6 2. Bg5 Ne4 3. Bf4 c5 4. f3 Qa5+ 5. c3 Nf6 6. d5 d6 7. e4 g6 8. Nd2
Bg7 9. Bd3 Nbd7 10. Nc4 Qc7 11. a4 Nh5 12. Bg5 h6 13. Be3 O-O 14. Ne2 a6 15.
Qd2 Kh7 16. g4 Nhf6 17. h4 b5 18. axb5 axb5 19. Rxa8 bxc4 20. Rxc8 Qxc8 21. Bb1
Ne5 22. Rf1 Qa6 23. g5 Ng8 24. Ng3 Qa1 25. Ke2 Rb8 26. Bc2 Qa2 27. Rb1 Rxb2 28.
Rxb2 Qxb2 29. Bd1 Nd3 30. gxh6 Bxc3 31. Qxb2 Nxb2 32. h5 Be5 33. hxg6+ fxg6 34.
f4 Bd4 35. Bc2 Nxh6 36. Bc1 Kg7 37. Nf1 Ng4 38. Bxb2 Bxb2 39. Nd2 Bc1 40. Nxc4
Bxf4 41. Kf3 Ne5+ 42. Nxe5 Bxe5 43. Bd3 Kf6 44. Kg4 Bb2 45. Kf4 Bc1+ 46. Kg4
Ke5 47. Bc2 c4 48. Kf3 g5 49. Kg4 Bf4 50. Bb1 Kd4 51. Kf5 c3 52. Bc2 Ke3 0-1

[Event "Wattenscheid 3- Werden 2"]
[Site "?"]
[Date "2023.09.03"]
[Round "1.4"]
[White "Boehmfeldt, Rolf"]
[Black "Weber, Dirk"]
[Result "1-0"]
[WhiteElo "1904"]
[BlackElo "1712"]
[Annotator "daniel"]
[PlyCount "91"]
[SourceDate "2023.09.13"]

1. Nf3 g6 2. d4 Bg7 3. c4 Nf6 4. Nc3 d6 5. h3 Nbd7 6. e4 e5 7. d5 Nc5 8. Qc2 a5
9. b3 O-O 10. Be3 b6 11. Be2 h6 12. Nd2 Kh7 13. Rb1 Ng8 14. a3 Nb7 15. b4 f5
16. f3 Qe7 17. Bf2 Bd7 18. g4 f4 19. h4 axb4 20. axb4 Ra7 21. Nb3 Rfa8 22. Nd1
Ra2 23. Qc3 Ba4 24. Nb2 Bxb3 25. Qxb3 R8a3 $11 26. Qd1 Qd8 27. Qc1 Bf8 28. Kf1
Nf6 29. Kg2 Nd7 30. c5 bxc5 31. Bc4 cxb4 32. Bxa2 Rxa2 33. Qc4 Ra8 34. Qxb4
Nbc5 35. Qc3 Be7 36. Nd3 Ra2 37. Kf1 Nxd3 38. Qxd3 Qa8 39. h5 g5 40. Kg2 Qa7
41. Rhf1 Nc5 42. Qd1 Na4 43. Ra1 Nc3 44. Rxa2 Qxa2 45. Qa1 Qb3 46. Rc1 1-0

[Event "Wattenscheid 3- Werden 2"]
[Site "?"]
[Date "2023.09.03"]
[Round "1.5"]
[White "Lange, Ralf"]
[Black "Doehmann, Joerg"]
[Result "1/2-1/2"]
[WhiteElo "1635"]
[BlackElo "1810"]
[PlyCount "42"]
[SourceDate "2023.09.13"]

1. Nf3 d5 2. c4 e6 3. g3 Nf6 4. Bg2 Be7 5. O-O O-O 6. b3 c5 7. cxd5 Nxd5 8. Bb2
Nc6 9. Nc3 Nxc3 10. Bxc3 Bd7 11. Qc2 Rc8 12. Qb2 f6 13. Rac1 e5 14. d3 Be6 15.
Nd2 Qd7 16. f4 exf4 17. Rxf4 Bd6 18. Rf2 Be5 19. Bxc6 Qxc6 20. Bxe5 fxe5 21.
Qxe5 Rfe8 1/2-1/2

[Event "Wattenscheid 3- Werden 2"]
[Site "?"]
[Date "2023.09.03"]
[Round "1.6"]
[White "Schlee, Ulrich"]
[Black "Kowalzick, Uwe"]
[Result "0-1"]
[WhiteElo "1795"]
[BlackElo "1613"]
[PlyCount "71"]
[SourceDate "2023.09.13"]

1. e4 d5 2. exd5 Qxd5 3. Nc3 Qd8 4. d4 Nf6 5. h3 e6 6. Nf3 a6 7. Bg5 Bb4 8. a3
Bxc3+ 9. bxc3 h6 10. Bh4 c6 11. Qd3 Nbd7 12. Be2 Qa5 13. O-O g5 14. Bg3 g4 15.
hxg4 Nxg4 16. Nd2 h5 17. Nc4 Qg5 18. Nd6+ Ke7 19. Rae1 h4 20. f4 Qg8 21. Nf5+
exf5 22. Bxg4+ Kd8 23. Bxf5 hxg3 24. Qe3 Qf8 25. Qxg3 Rg8 26. Qh4+ f6 27. Re2
Rh8 28. Qg3 Nb6 29. Bg6 Bd7 30. Rfe1 Qd6 31. Bd3 Nd5 32. Qg7 Kc7 33. Bf5 Nxf4
34. Re7 Ne2+ 35. R1xe2 Qh2+ 36. Kf2 0-1

[Event "Wattenscheid 3- Werden 2"]
[Site "?"]
[Date "2023.09.03"]
[Round "1.7"]
[White "Claussen, Alexander"]
[Black "Kraus, Tanja"]
[Result "0-1"]
[WhiteElo "1476"]
[BlackElo "1701"]
[Annotator "daniel"]
[PlyCount "58"]
[SourceDate "2023.09.13"]

1. b3 Nf6 2. f4 d5 3. Bb2 c5 4. e3 Nc6 5. Bb5 Qc7 6. Nf3 Bg4 7. h3 Bxf3 8. Qxf3
Rd8 9. Bxc6+ Qxc6 10. d3 e6 11. Nd2 Be7 12. O-O h5 13. f5 exf5 14. Qxf5 Qe6 15.
Qxe6 fxe6 16. Rae1 O-O $11 17. e4 d4 18. Nc4 Nd7 19. e5 Nb6 20. Nxb6 $11 axb6
21. a4 Bh4 22. Re4 Bg3 23. h4 Bh2+ 24. Kxh2 Rxf1 25. Kg3 Rdf8 26. Re2 Rb1 27.
Ba3 Rff1 28. c3 dxc3 29. Rc2 Ra1 0-1

[Event "Wattenscheid 3- Werden 2"]
[Site "?"]
[Date "2023.09.03"]
[Round "1.8"]
[White "Kotulla, Guenther"]
[Black "Reuß, Till"]
[Result "1-0"]
[WhiteElo "1671"]
[BlackElo "1433"]
[PlyCount "41"]
[SourceDate "2023.09.13"]

1. e4 e5 2. d4 exd4 3. Qxd4 Nc6 4. Qe3 b6 5. Nc3 Nf6 6. Bd2 Bc5 7. Qg3 O-O 8.
O-O-O Ne7 9. Bg5 Ne8 10. h4 f6 11. Bf4 Ng6 12. Bc4+ Kh8 13. Bd2 Bd6 14. f4 f5
15. h5 Ne7 16. h6 g6 17. Nf3 fxe4 18. Nxe4 Ng8 19. Nfg5 Qe7 20. Rde1 Bb4 21.
Nc3 1-0

[Event "Mülheim- Katernberg 4"]
[Site "?"]
[Date "2023.09.03"]
[Round "1.1"]
[White "Huettemann, Karl- Heinz"]
[Black "Langschmidt, Dirk"]
[Result "1-0"]
[WhiteElo "1958"]
[BlackElo "2008"]
[PlyCount "49"]
[SourceDate "2023.09.13"]

1. c4 Nf6 2. Nc3 e5 3. Nf3 Nc6 4. e3 d5 5. cxd5 Nxd5 6. Bb5 Nxc3 7. bxc3 Bd7 8.
d4 e4 9. Bxc6 Bxc6 10. Ne5 Qf6 11. Qb3 b6 12. Qc4 Bb7 13. Qxc7 Qe7 14. Qc4 a6
15. Ba3 Qe6 16. Qxe6+ fxe6 17. Bxf8 Rxf8 18. Rb1 b5 19. c4 Ke7 20. O-O Bc8 21.
Rfc1 Kf6 22. h4 h5 23. cxb5 axb5 24. Rxb5 g5 25. hxg5+ 1-0

[Event "Mülheim- Katernberg 4"]
[Site "?"]
[Date "2023.09.03"]
[Round "1.2"]
[White "Straenger, Petra"]
[Black "Mamikonyan, Davit"]
[Result "1-0"]
[WhiteElo "1826"]
[BlackElo "1913"]
[PlyCount "75"]
[SourceDate "2023.09.13"]

1. d4 Nf6 2. c4 e6 3. Nc3 d5 4. Nf3 c5 5. g3 Nc6 6. cxd5 exd5 7. Bg2 Be6 8. O-O
Rc8 9. Qa4 Qd7 10. Be3 Ng4 11. Bf4 Be7 12. Rad1 c4 13. e4 O-O 14. exd5 Bxd5 15.
Nxd5 Qxd5 16. Ne5 Qe6 17. d5 Qf5 18. Nxg4 Qxg4 19. dxc6 bxc6 20. h3 Qh5 21.
Qxc4 Bf6 22. b3 Qa5 23. Qc2 Rfe8 24. Be3 c5 25. Rd7 Bd4 26. Qf5 Bf6 27. Be4
Rxe4 28. Qxe4 Qxa2 29. Qd5 Qb2 30. Qxf7+ Kh8 31. Rfd1 Rg8 32. Bxc5 a5 33. Re1
h6 34. Be3 Qe5 35. Red1 Qf5 36. Bd4 h5 37. Bxf6 gxf6 38. Rd8 1-0

[Event "Mülheim- Katernberg 4"]
[Site "?"]
[Date "2023.09.03"]
[Round "1.3"]
[White "Riesenbeck, Juergen"]
[Black "Preisner, Peter"]
[Result "0-1"]
[WhiteElo "1938"]
[BlackElo "1801"]
[PlyCount "46"]
[SourceDate "2023.09.13"]

1. e4 e5 2. Nc3 Nf6 3. d4 exd4 4. Qxd4 Nc6 5. Qd3 Bc5 6. Bf4 d6 7. Be2 Nd4 8.
O-O-O O-O 9. Kb1 Bd7 10. e5 Bf5 11. Qxd4 Bxd4 12. Rxd4 Ne8 13. Nf3 Qc8 14. Nd5
Kh8 15. Ne7 Qe6 16. Nxf5 Qxf5 17. Bd3 Qc8 18. Ng5 dxe5 19. Bxe5 h6 20. Rh4 f6
21. Nh7 Rf7 22. Bc3 Kg8 23. Re1 Nd6 0-1

[Event "Mülheim- Katernberg 4"]
[Site "?"]
[Date "2023.09.03"]
[Round "1.4"]
[White "Otto, Michael"]
[Black "Schmitz, Edgar"]
[Result "0-1"]
[WhiteElo "1798"]
[BlackElo "1877"]
[Annotator "daniel"]
[PlyCount "63"]
[SourceDate "2023.09.13"]

1. e4 c5 2. Nf3 d6 3. d4 cxd4 4. Nxd4 Nf6 5. Nc3 a6 6. a3 g6 7. Be2 Bg7 8. Be3
Nbd7 9. Qd2 Nc5 10. f3 Ne6 11. g4 Nxd4 12. Bxd4 Be6 13. h4 Rg8 14. O-O-O b5 15.
Qe3 Qc7 16. e5 dxe5 17. Bxe5 Qc6 18. Qd4 Rc8 19. h5 Qc5 20. hxg6 hxg6 21. g5
Qxd4 22. Rxd4 Nh5 23. Bxg7 Nxg7 24. Rhd1 Nf5 25. R4d2 Rh8 26. Ne4 Ne3 27. Re1
Nd5 28. b3 Nf4 29. Kb2 Kf8 30. Bd3 Kg7 31. Bf1 Rc7 32. Nf2 {ZÃo} 0-1

[Event "Mülheim- Katernberg 4"]
[Site "?"]
[Date "2023.09.03"]
[Round "1.5"]
[White "Berresheim, Nils"]
[Black "Brockmann, Michael"]
[Result "1-0"]
[WhiteElo "1848"]
[BlackElo "1880"]
[PlyCount "109"]
[SourceDate "2023.09.13"]

1. d4 d5 2. c4 e6 3. Nc3 Nf6 4. cxd5 exd5 5. Bg5 Nbd7 6. e3 Be7 7. Bd3 c6 8.
Nf3 O-O 9. Qc2 Re8 10. Bf4 Nf8 11. h3 Ng6 12. Bh2 Bd6 13. Bxd6 Qxd6 14. O-O Qe7
15. Rfc1 Ne4 16. b4 Nh4 17. Nxh4 Qxh4 18. b5 Ng5 19. Bf5 Nxh3+ 20. Bxh3 Bxh3
21. gxh3 Qxh3 22. Ne2 Re6 23. Nf4 Qg4+ 24. Kf1 Rh6 25. Ke1 Re8 26. Kd2 Qf3 27.
Nd3 Rxe3 28. fxe3 Rh2+ 29. Kc3 Rxc2+ 30. Rxc2 h5 31. bxc6 bxc6 32. Rf2 Qg3 33.
Raf1 f6 34. Rf3 Qd6 35. Nc5 a5 36. Rh1 Qb8 37. a3 Qb5 38. Rc1 Qc4+ 39. Kd2 Qa2+
40. Rc2 Qxa3 41. Rg3 h4 42. Rh3 Qb4+ 43. Kd1 a4 44. Rxh4 a3 45. Nd3 Qb3 46. Kd2
g5 47. Rh1 Kg7 48. Ra1 f5 49. Rxc6 f4 50. exf4 Qa4 51. Rc7+ Kg6 52. Ke3 a2 53.
Ne5+ Kf5 54. Rf7+ Ke6 55. f5+ 1-0

[Event "Mülheim- Katernberg 4"]
[Site "?"]
[Date "2023.09.03"]
[Round "1.6"]
[White "Wisotzky, Klaus"]
[Black "Rasch, Lukas"]
[Result "0-1"]
[WhiteElo "1554"]
[BlackElo "1824"]
[Annotator "daniel"]
[PlyCount "102"]
[SourceDate "2023.09.13"]

1. d4 Nf6 2. Bg5 Ne4 3. Bf4 d5 4. Nd2 Bf5 5. Nxe4 Bxe4 6. e3 c5 7. c3 Nc6 8. f3
Bg6 9. Bd3 Qb6 10. Bxg6 hxg6 11. Qc2 Rc8 12. Qb3 Qxb3 13. axb3 cxd4 14. exd4 g5
15. Bg3 a6 16. Ne2 Na7 17. Kd2 e6 18. h3 Kd7 19. Bf2 Bd6 20. Be3 f6 21. f4 gxf4
22. Bxf4 Nb5 23. Be3 Rh7 24. Rhf1 Bb8 25. Rac1 Nd6 26. Ng3 Nf7 27. Ne2 $11 Nd6
28. Ng3 Rh4 29. Kd3 Rc6 30. Bf2 Rb6 31. Kc2 Rc6 32. Kd3 Rc8 33. Ra1 Bc7 34. Ne2
Rh5 35. Ng3 Rh7 36. Rac1 Bb8 37. Ra1 Ke7 38. Be1 Kd7 39. Bf2 Ba7 40. Rac1 Rh6
41. Ra1 Rg6 42. Ke2 Bb8 43. Kf3 Rh8 44. Be3 Rh4 45. Bf2 Nf7 46. Rg1 Rf4+ 47.
Ke3 Rxf2 48. Kxf2 Rxg3 49. Rae1 Ng5 50. Re2 Rd3 51. h4 Bg3+ 0-1

[Event "Mülheim- Katernberg 4"]
[Site "?"]
[Date "2023.09.03"]
[Round "1.8"]
[White "Mevißen, Ulrich"]
[Black "Goldkuhle, Collin"]
[Result "1/2-1/2"]
[WhiteElo "1590"]
[BlackElo "1834"]
[PlyCount "57"]
[SourceDate "2023.09.13"]

1. e4 c5 2. Nf3 Nc6 3. Bc4 g6 4. c3 Bg7 5. d4 cxd4 6. Nxd4 d6 7. Be3 Nf6 8.
Nxc6 bxc6 9. e5 Ng4 10. e6 f5 11. Qa4 Qc7 12. Bd4 Nf6 13. O-O O-O 14. Re1 d5
15. Ba6 Ng4 16. h3 Bxd4 17. cxd4 Qh2+ 18. Kf1 Nf6 19. Bxc8 Rfxc8 20. Nd2 Qh1+
21. Ke2 Qxg2 22. Qa3 c5 23. Rg1 Qh2 24. Rg3 Nh5 25. Rag1 Nxg3+ 26. Rxg3 Rc6 27.
Qf3 cxd4 28. Qxf5 Rf8 29. Rxg6+ 1/2-1/2